| 000 | 02422agaaa2200325 4500 | ||
|---|---|---|---|
| 001 | 9367 | ||
| 003 | IT-RoPAU | ||
| 005 | 20220918181237.0 | ||
| 007 | d cvaizq | ||
| 008 | 50131s9999||||xx ||| | || ||und|| | ||
| 040 |
_aIT-RoPAU _cIT-RoPAU |
||
| 041 | _aITALIANO | ||
| 100 |
_aCampiotti Giacomo _gCodice regista SPICS: 29292 _943822 |
||
| 130 |
_aBAKHITA _943823 |
||
| 245 |
_aBAKHITA _cProdotto da: Foffo P. Bifano S. -- Sceneggiatura: Soldi Filippo Gentili Filippo Gentili Dino Leonardo Campiotti G. -- Diretto da: Campiotti Giacomo _pBAKHITA (Rif. Codice opera principale : H9367) |
||
| 250 | _aEdizione Standard | ||
| 260 |
_a(ITALIA) _bRAI FICTION - TITANIA PRODUZIONI / Distribuzione: MULTIMEDIA SAN PAOLO _g"2009 (1° ed.: 2009 ; Ed. Lingua Orig.: 2009)" |
||
| 300 |
_aDVD _bsonoro, col. _c207 minuti |
||
| 508 | _a"Fotografia: Giurato Blasco; Montaggio: Paggi Simona; Musica: Lentini Stefano; Sceneggiatura: Soldi Filippo Gentili Filippo Gentili Dino Leonardo Campiotti G.; Scenografia: Luppi Marco; Soggetto: Soldi Filippo -- Gentili Filippo" | ||
| 511 | _a"Kine; Boye Fatou; Sartor Fabio; Salvi Francesco; Fremont Ludovico; Bergamasco Sonia" | ||
| 520 | _aFILM TV TRASMESSO DA RAIUNO IL 5 APRILE 2009. NEL CONVENTO DELLE CANOSSIANE GIUNGE UNA DISTINTA SIGNORE, AURORA MARIN, RICHIAMATA DAL CATTIVO STATO DI SALUTE DI SUOR BAKHITA UNA SUORA DI COLORE SPENTASI IN REALTA' DA POCHI GIORNI. AURORA LA CONOSCEVA BENE E NE RACCONTA L'INCREDIBILE STORIA ALLA FIGLIA CHE L'HA ACCOMPAGNATA NEL VIAGGIO. BAKHITA, NATA NEL 1869 IN UN VILLAGGIO SUDANESE, ANCORA BAMBINA VIENE RAPITA DAI NEGRIERI CHE LA VENDONO A UN GENERALE TURCO. IN QUELLA CASA TRASCORRE DIECI ANNI DI UMILIAZIONI SINO A CHE FEDERICO MARIN UN RICCO COMMERCIANTE ITALIANO, ATEO E AVVENTURIERO, LE SALVA LA VITA E LA PORTA CON SE' A ZIANIGO, UN PAESINO DEL VENETO DOVE ABITA INSIEME ALLA FIGLIA DI OTTO ANNI, AURORA, BAMBINA MALATA E SOLA... BIOGRAFIA DELLA SANTA AFRICANA. | ||
| 538 | _aPAL, STEREO | ||
| 546 | _aITALIANO | ||
| 650 |
_aBIOGRAFICO _eDVD-FILM [DVD] _xCodice MATERIA SPICS: 9947 _937079 |
||
| 700 |
_aCampiotti Giacomo _e(regista) _gCodice regista SPICS: 29292 _943824 |
||
| 700 |
_aGentili Filippo _e(soggetto) _gCodice Soggetto 2° SPICS: 59740 _943825 |
||
| 700 |
_aLentini Stefano _e(musica) _gCodice Musica SPICS: 59741 _943826 |
||
| 700 |
_aSoldi Filippo _e(soggetto) _gCodice Soggetto SPICS: 59739 _943827 |
||
| 942 |
_cDV _2ddc |
||
| 999 |
_c105872 _d105872 |
||